00589 a2200181 4500003000500000005001700005040000900022082001200031100001900043245010300062250001100165260005700176300001000233650002800243942001200271999001900283952010500302Nust20170207171638.0 cNust a621.382 aSklar, Bernard aSolutions Manual For Digital communications (E-BOOK)bfundamentals and applicationscBernard Sklar a2nd ed aUpper Saddle River, N.J. bPrentice-Hall PTRcc2001. a341 p aDigital communications. 2ddccBK c218009d218009 00102ddc40708NFICaMCSbMCSd2016-12-12l0o621.382 SKLpMCSEB-1765r2016-12-08w2016-12-12yBK